The complete encyclopedia of crafts : (Запис № 483028)

МАРК-запис
000 -LEADER
fixed length control field 01156nam a2200229M 4500
001 - CONTROL NUMBER
control field completeencyclop02newy
003 - CONTROL NUMBER IDENTIFIER
control field CaSfIA
005 - DATE AND TIME OF LATEST TRANSACTION
control field 20210117225142.0
007 - PHYSICAL DESCRIPTION FIXED FIELD--GENERAL INFORMATION
fixed length control field cr||||
008 - FIXED-LENGTH DATA ELEMENTS--GENERAL INFORMATION
fixed length control field 931203s1975 nyua 001 0 eng d
040 ## - CATALOGING SOURCE
Original cataloging agency TEH
Transcribing agency TEH
Modifying agency CaSfIA
035 ## - SYSTEM CONTROL NUMBER
System control number (OCoLC)168650831
245 04 - TITLE STATEMENT
Title The complete encyclopedia of crafts :
Medium [electronic resource]
Remainder of title the do-it-yourself guide to traditional and modern home crafts.
260 ## - PUBLICATION, DISTRIBUTION, ETC. (IMPRINT)
Place of publication, distribution, etc New York :
Name of publisher, distributor, etc Columbia House,
Date of publication, distribution, etc c1975.
300 ## - PHYSICAL DESCRIPTION
Extent 24 v. :
Other physical details ill. (some col.) ;
Dimensions 28 cm.
506 ## - RESTRICTIONS ON ACCESS NOTE
Standardized terminology for access restriction Необхідна авторизація на https://archive.org/ (створення облікового запису безкоштовно)
506 ## - RESTRICTIONS ON ACCESS NOTE
Standardized terminology for access restriction Необхідна авторизація на https://openlibrary.org/ (створення облікового запису безкоштовно)
650 #0 - SUBJECT ADDED ENTRY--TOPICAL TERM
Topical term or geographic name as entry element Handicraft
General subdivision Encyclopedias.
856 41 - ELECTRONIC LOCATION AND ACCESS
Uniform Resource Identifier <a href="http://www.archive.org/details/completeencyclop02newy">http://www.archive.org/details/completeencyclop02newy</a>
Public note Free eBook from the Internet Archive
Materials specified Volume 2
856 42 - ELECTRONIC LOCATION AND ACCESS
Uniform Resource Identifier <a href="http://www.openlibrary.org/books/OL24237052M">http://www.openlibrary.org/books/OL24237052M</a>
Public note Additional information and access via Open Library
Materials specified Volume 2
942 ## - ADDED ENTRY ELEMENTS (KOHA)
Koha item type ЕКнига

Немає доступних примірників.